000 00495nam a2200169Ia 4500
005 20250312024240.0
008 240331s9999 xx 000 0 und d
020 _a0801425891
082 _a301
_bUPH
_25002
100 _aUphoff, N
245 0 _aLearning from Gal Oya:
_bPossibilities for Participatory Development and Post-Newtonian Social Science
260 _aNew York,
_bCornell University Press
_c1992
300 _ax, 449 p.,
650 _aIrrigation
650 _aAgriculture
942 _cL
999 _c1046
_d1046